000 01279nam0a22002891 4500
001 rc\2285013
005 20110829191909.5
035 _a(NLR Aleph) 006563875
090 _a6872743
_c6872743
100 _a20110829d1976 |||y0rusy50 ca
101 0 _arus
102 _aRU
105 _aa z |||||
200 1 _aОсновы прикладной теории упругости и пластичности
_eНекоторые задачи теории упругих стержней
_eУчеб. пособие для студентов специальности 1202 "Пром. и гражд. стр-во"
_fС.П. Вязьменский
_gЛенингр. инж.-строит. ин-т, Кафедра сопротивления материалов
210 _aЛенинград
_cЛИСИ
_d1976
215 _a82 с.
_cил.
_d19
320 _aСписок лит.: с. 82 (7 назв.)
606 _aСтержни тонкостенные, упругие
_2psbo
686 _aВ251.62:1я73-1
_2rubbk
700 1 _aВязьменский
_bС. П.
_gСамуил Петрович
801 0 _aRU
_bNLR
_gpsbo
801 1 _aRU
_bELAR
_2rusmarc
852 _aNLR
_j77-4/5650
899 _aRuMoRGB
_jБ 76-56/736
899 _aRuMoRGB
_jБ 76-56/737
942 _cBOOK
980 _aNB